THE ORIGINALS PERSONNAGES - Statistiques

Statistiques générales
  • Ce quiz a été pris 572 fois
  • Le résultat moyen est 18 sur 64
Statistiques - réponses
Hint Réponse % Correct
2 Elijah Mikaelson
89%
1 Niklaus Mikaelson
88%
4 Kol Mikaelson
86%
3 Rebekah Mikaelson
86%
6 Finn Mikaelson
82%
8 Hope Mikaelson
82%
5 Freya Mikaelson
80%
17 Esther Mikaelson
74%
7 Hayley Marshall
73%
18 Mikael Mikaelson
73%
9 Marcel Gerard
69%
12 Davina Claire
68%
10 Camille O'connell
50%
33 Stefan Salvatore
40%
45 Caroline Forbes
39%
29 Aurora de Martel
34%
11 Vincent Griffith
34%
20 Kieran O'Connell​
33%
13 Sophie Deveraux
33%
28 Lucien Castle
32%
30 Tristan de Martel
32%
44 Alaric Saltzman
31%
16 Jackson Kenner
31%
15 Monique Deveraux
29%
46 Josie Saltzman
27%
47 Lizzie Saltzman
27%
25 Aiden
23%
63 Tyler Lockwood
20%
22 Diego
18%
36 Eva Sinclair
18%
39 Keelin
18%
23 Genevieve
17%
26 Gia
17%
38 Inadu
16%
24 Celeste Dubois
15%
19 Dalhia
15%
34 Matt Donovan
15%
61 Agnès
14%
52 Declan
12%
55 Landon
11%
59 Tatia Petrova
11%
14 Joshua Rozsa
10%
35 Rayna Cruz
10%
27 Josephine Larue
9%
40 Mary Dumas
9%
31 Aya Al-Rashid
8%
51 Greta Sienna
8%
21 Thierry Vanchure​
8%
58 Francesca Guerrera
7%
64 Papa Tunde
7%
49 Jessica
6%
32 Will Kinney
6%
60 Ansel
5%
53 Lisina
5%
54 Emmett
4%
41 Alistair Duquesne
3%
56 August Müller
3%
43 Dominic
3%
37 Gaspar Cortez
3%
57 Henry Benoit
2%
50 Maxine Folsom
2%
62 Timothy
2%
48 Amy
1%
42 Lara
1%
Aucun quiz correspondant
Distribution des résultats
% des personnes avec chaque résultat
Percentile par nombre de réponses
Votre historique - résultats
Vous n’avez pas pris ce quiz